000 01020nam a22002897ia4500
999 _c173976
_d173976
005 20200227221707.0
008 190821t20192019nyuabo j 001 0 eng d
020 _a9781489681782
_qRM119.30
_chardback
040 _aPPAK
_beng
_cPPAK
_erda
082 0 4 _a725.2095357
_223
090 0 0 _a725.2095357
_bGOL
_dK
100 1 _aGoldsworthy, Kaite,
_eauthor.
245 1 0 _aBURJ KHALIFA /
_cKAITE GOLDSWORTHY
264 1 _aNew York, NY :
_bAV2 by Weigl,
_c[2019]
264 4 _c©2019
300 _a24 pages :
_bcolour illustrations, colour map, colour photographs ;
_c27 cm
336 _2rdacontent
_atext
337 _2rdamedia
_aunmediated
338 _2rdacarrier
_avolume
490 1 _aSTRUCTURAL WONDERS OF THE WORLD
500 _aIncludes index.
500 _aIncludes exercises and answers.
650 1 0 _aBurj Khalifa (Dubai, United Arab Emirates)
_vJuvenile literature
650 2 0 _aSkyscrapers
_zUnited Arab Emirates
_zDubai
_vJuvenile literature
830 0 _aStructural wonders of the world
942 _2ddc
_cB